000 00593 a2200205 4500
005 20240802145544.0
010 _aENG-141154
020 _c300.00
035 _aEN-124686
037 _bDBAD
082 _a808.88
_21
245 _aChemistry Dictionary/
_cEdited by Gopu Ramu
250 _a1
260 _aVijayawada
_bNavaratna Book House
_c2023
270 _a28-22-20, Rahiman Street, Arundel Pet,
_bVijayawada
_e520002
_k08662432813
300 _a224p.
_c22cm.(pbk)
500 _aEnglish-English
700 _99757
_aRamu, Gopu
942 _adpl
_cEN
_2ddc
_mCHE
_h540.3
999 _c204757
_d204757